Manuel de géopolitique : Enjeux de pouvoir sur des territoires (notice n° 2198682)
[ vue normale ]
| 000 -LEADER | |
|---|---|
| fixed length control field | 01502cam a2200157 4500500 |
| 005 - DATE AND TIME OF LATEST TRANSACTION | |
| control field | 20260405085558.0 |
| 041 ## - LANGUAGE CODE | |
| Language code of text/sound track or separate title | fre |
| 042 ## - AUTHENTICATION CODE | |
| Authentication code | dc |
| 100 10 - MAIN ENTRY--PERSONAL NAME | |
| Personal name | Lasserre, Frédéric |
| Relator term | author |
| 245 00 - TITLE STATEMENT | |
| Title | Manuel de géopolitique : Enjeux de pouvoir sur des territoires |
| 260 ## - PUBLICATION, DISTRIBUTION, ETC. | |
| Name of publisher, distributor, etc. | Armand Colin,<br/> |
| Date of publication, distribution, etc. | 2024.<br/> |
| 520 ## - SUMMARY, ETC. | |
| Summary, etc. | Si le terme de géopolitique est très à la mode dans les médias et débats actuels, il est souvent utilisé de manière simplificatrice pour désigner des situations internationales ou militaires complexes.La géopolitique est pourtant une véritable discipline, désormais pleinement enseignée, qui étudie les rivalités et les enjeux de pouvoir sur des territoires entre des acteurs aux intérêts divergents.Cette nouvelle édition dresse un panorama de l’ensemble des concepts, méthodes et outils propres à l’analyse géopolitique, et met en perspective les théories des différentes écoles fondatrices.À travers de nombreuses études de cas (projet chinois des Nouvelles Routes de la soie, rivalités sino-américaines, question des frontières en Afrique et en Asie, géopolitique des ressources naturelles…), cet ouvrage vient illustrer la pertinence et la fécondité de l’approche géopolitique pour appréhender la grande diversité des problématiques actuelles. |
| 700 10 - ADDED ENTRY--PERSONAL NAME | |
| Personal name | Gonon, Emmanuel |
| Relator term | author |
| 700 10 - ADDED ENTRY--PERSONAL NAME | |
| Personal name | Mottet, Éric |
| Relator term | author |
| 856 41 - ELECTRONIC LOCATION AND ACCESS | |
| Uniform Resource Identifier | <a href="https://shs.cairn.info/manuel-de-geopolitique--9782200637712?lang=fr&redirect-ssocas=7080">https://shs.cairn.info/manuel-de-geopolitique--9782200637712?lang=fr&redirect-ssocas=7080</a> |
Pas d'exemplaire disponible.




Réseaux sociaux